000 00566nam a22002057a 4500
003 OSt
005 20210414082922.0
008 210312s1962 ||||| |||| 00| 0 eng d
040 _aeng
_beng
_cDLC
041 _aeng
080 _a821.111
_bH-20
100 _91074
_aHamilton.Donald
245 _aThe Silencers
_c/ by: Fawcett Publications
260 _aNew York
_bFawcett Publications
_c1962
300 _a144 p.
365 _b0.4 usd
650 0 _9247
_aEnglish literature
653 _aინგლისური ლიტერატურა
942 _2udc
_cBK
999 _c2212
_d2212